000 00899cam a22002295a 4500
001 15578681
005 20250120092618.0
008 090108s2010 vaua b 001 0 eng
020 _a9781562866778
020 _a156286677X
050 0 0 _aHF5549
_b.T198 2010
245 0 0 _aTalent management :
_bstrategies for success from six leading companies /
_cLarry Israelite, editor.
260 _a[Alexandria, VA] :
_bASTD Press,
_c2010.
300 _aix, 260 p. :
_bill. ;
_c24 cm.
650 0 _aPersonnel management
_vCase studies.
650 0 _aHuman capital
_xManagement
_vCase studies.
650 0 _aSuccess in business
_vCase studies.
700 1 _aIsraelite, Larry.
856 4 1 _3Table of contents only
_uhttp://www.loc.gov/catdir/toc/fy11pdf04/2009920427.html
856 4 2 _3Contributor biographical information
_uhttps://www.loc.gov/catdir/enhancements/fy1616/2009920427-b.html
942 _2lcc
_cBK
_n0
999 _c2699
_d2699